000 00598nam a2200181 i 4500
001 111097
003 ES-MaACL
005 20230906185235.0
007 t|
008 061121s1969 sp r ||||1| spa d
100 1 _aO'Kelly de Galway, Alberik.
_986339
245 1 0 _aMatch
_b: Petrosian-Spassky para el campeonato mundial de ajedrez, 1969 /
_cAlberik O'Kelly de Galway ; versión de Julio Ganzo.
260 _aMadrid :
_bAguilera,
_c1969.
300 _a151 p., 2 lám. :
_bil. ;
_c21 cm.
650 0 4 _aAjedrez.
_99707
700 1 _aGanzo, Julio.
_953894
852 _aES-MaACL
_jC-36810
_bR.70990
999 _c111097
_d111097